000 00870nam a2200217 i 4500
001 91758
003 ES-MaACL
005 20251002202458.0
007 t|
008 050211s1961 sp |||| | spa d
080 _a75 Arpa Perea, José
100 1 _aLabrador Arjona, José María.
_969285
245 1 0 _aDiscursos leídos por don José María Labrador Arjona y ... don José Hernández Díaz en el acto de la recepción pública del primero como académico numerario celebrado el 6 de junio de 1960.
260 _aSevilla :
_bReal Academia de Bellas Artes de Santa Isabel de Hungría,
_c1961.
300 _a23 p. ;
_c24 cm.
600 1 4 _aArpa Perea, José.
_923184
700 1 _aHernández Díaz, José,
_d1906-1998
_962929
710 2 _aReal Academia de Bellas Artes de Santa Isabel de Hungría.
_96295
852 _aES-MaACL
_j2187-F-5
999 _c91758
_d91758